Zbierka zákonov Českej a Slovenskej federatívnej republiky Československá socialistická republika. Česko-slovenská federatívna republika

Saved in:
Bibliographic Details
Format: Serial
Language:Slovak
Published: Praha Federálne ministerstvo vnútra
Subjects:
Tags: Add Tag
No Tags, Be the first to tag this record!

MARC

LEADER 00000nas1a22000001 4500
001 s120942
005 20041019155347.0
041 0 |a slo 
044 |a CZ 
245 1 0 |a Zbierka zákonov Českej a Slovenskej federatívnej republiky  |b Československá socialistická republika. Česko-slovenská federatívna republika 
264 1 |a Praha  |b Federálne ministerstvo vnútra 
610 2 0 |a právo 
610 2 0 |a zákony